000
00313nam a22001217a 4500
082
_a
001
_b
SIE/G
100
_a
STATE INSITUTE OF EDUCATIONAL TECHNOLOGY
245
_a
SIET KERALA, GENERAL STUDIES
_b
KERALAM- GARDEN OF EDAN
260
_a
NEW DELHI
_b
GOVT. OF INDIA
300
_b
VCD
520
_a
KERALA
942
_c
BK
999
_c
7951
_d
7951